| 000 | 00972cam a2200289 a 4500 | ||
|---|---|---|---|
| 999 |
_c18008 _d18008 |
||
| 001 | 16725674 | ||
| 005 | 20161202091055.0 | ||
| 008 | 110407s2013 caua b 001 0 eng | ||
| 010 | _a 2011927040 | ||
| 020 | _a9781111571139 (pbk.) | ||
| 020 | _a1111571139 (pbk.) | ||
| 040 |
_aDLC _cDLC _dDLC |
||
| 042 | _apcc | ||
| 050 | 0 | 0 |
_aRA784.B65 2013 _b.B65 2013 |
| 082 | 0 | 0 | _223 |
| 100 | 1 |
_aBoyle, Marie A. _q(Marie Ann) |
|
| 245 | 1 | 0 | _aPersonal nutrition. |
| 250 |
_a8th ed. / _bMarie A. Boyle, Sara Long Roth. |
||
| 260 |
_aBelmont, CA : _bWadsworth, Cengage Learning , _cc2013. |
||
| 300 |
_a1 v. (various pagings) : _bill. (chiefly col.) ; _c28 cm. |
||
| 504 | _aIncludes bibliographical references and index. | ||
| 650 | 0 | _aNutrition. | |
| 700 | 1 | _aRoth, Sara Long. | |
| 906 |
_a7 _bcbc _corigcop _d3 _encip _f20 _gy-gencatlg |
||
| 942 |
_2lcc _cBOOKS _hRA784.B65 2013 |
||